Statystyki dla Kobiety w historii Polski - quiz obrazkowy

Kliknij tutaj aby rozwiązać quiz!

Ogólne statystyki

  • Ten quiz został rozwiązany 104 razy
  • Średni wynik to 7 z 16

Statystyki odpowiedzi

Odpowiedź% Poprawnych
Jadwiga Andegaweńska
92%
Maria Skłodowska
92%
Wisława Szymborska
82%
Anna Jagiellonka
60%
Maria Konopnicka
56%
Emilia Plater
53%
Bona Sforza
52%
Pola Negri
47%
Eliza Orzeszkowa
38%
Wanda Rutkiewicz
30%
Barbara Radziwiłłówna
23%
Anna Walentynowicz
22%
Izabela Czartoryska
16%
Helena Modrzejewska
15%
Wanda Wasilewska
9%
Maryna Mniszchówna
3%

Rozkład punktacji

Percentyl według liczby udzielonych odpowiedzi

Procent ludzi z każdym wynikiem

Twoja historia wyników

Nie rozwiązałeś tego quizu